| 000 | 01135cam a2200325 i 4500 | ||
|---|---|---|---|
| 001 | 30996 | ||
| 003 | Mx-PuUPA | ||
| 005 | 20250107104036.0 | ||
| 008 | 140415s2000 mx gr 000 0 spa d | ||
| 020 | _a9682315727 | ||
| 040 |
_cMx-PuUPA _aMx-PuUPA _bspa _dMx-PuUPA _erda |
||
| 041 | 0 | _aspa | |
| 100 | 1 |
_aSilva Michelena, José Agustín, _d1934-1986 _916638 _eautor |
|
| 245 | 1 | 0 |
_aPolítica y bloques de poder : _bcrisis en el sistema mundial / _cpor José A. Silva Michelena |
| 250 | _aDecimotercera edición | ||
| 264 | 1 |
_aMexico, D.F. _bSiglo Veintiuno Editores, _c2000 |
|
| 300 |
_a291 páginas ; _c21 cm |
||
| 336 |
_2rdacontent _atexto _btxt |
||
| 337 |
_2rdamedia _asin medio _bn |
||
| 338 |
_2rdacarrier _avolumen _bnc |
||
| 650 | 7 |
_913986 _2armarc _aEquilibrio internacional |
|
| 650 | 7 |
_2armarc _aRelaciones internacionales |
|
| 650 | 7 |
_2armarc _aEconomía internacional |
|
| 650 | 7 |
_2armarc _aPaíses en desarrollo |
|
| 650 | 7 |
_2armarc _aGrandes potencias |
|
| 942 |
_2ddc _cLI _h330.98 _iS58 |
||
| 999 |
_c30996 _d30996 |
||